Normal view
MARC view
- Sheraz Baig
Entry Personal Name
001 - CONTROL NUMBER
- control field: 48310
003 - CONTROL NUMBER IDENTIFIER
- control field: NUST
005 - DATE AND TIME OF LATEST TRANSACTION
- control field: 20210314134027.0
008 - FIXED-LENGTH DATA ELEMENTS
- fixed length control field: 210314|| aca||aabn | a|a d
040 ## - CATALOGING SOURCE
- Original cataloging agency: NUST
- Transcribing agency: NUST
100 ## - HEADING--PERSONAL NAME
- Personal name: Sheraz Baig
670 ## - SOURCE DATA FOUND
- Source citation: Work cat.: (NUST): Sheraz Baig, Socio economic potentials of Kalabagh dam and prevailing impediment, 2011
